[Event "Ibiza Eivissa op"]
[Site "Eivissa"]
[Date "2021.09.10"]
[Round "9"]
[White "Zwirs, Nico"]
[Black "Mayans Calvo, Mariano"]
[Result "1-0"]
[WhiteElo "2442"]
[BlackElo "2253"]
[PlyCount "103"]
[EventDate "2021.09.06"]
[EventType "tourn"]
[EventRounds "9"]
[EventCountry "ESP"]
[EventCategory "7"]
[SourceTitle "CBM 204 Extra"]
[Source "ChessBase"]
[SourceDate "2021.11.30"]
[SourceVersion "1"]
[SourceVersionDate "2021.11.30"]
[SourceQuality "1"]

1. c4 Nf6 2. Nc3 c5 3. Nf3 d5 4. cxd5 Nxd5 5. g3 Nc6 6. Bg2 g6 7. h4 h6 8. 0-0 Nc7 9. d3 Bg7 10. Be3 b6 11. Qd2 Bg4 12. Nh2 Bd7 13. Rab1 Rc8 14. Rfc1 Ne6 15. a3 a5 16. Nd5 Ned4 17. Bxd4 Bxd4 18. Ne3 0-0 19. b3 Bg7 20. Nf3 Be6 21. a4 Qc7 22. Nc4 Rfd8 23. Kh2 Nd4 24. Nxd4 Rxd4 25. Kg1 Rcd8 26. Rd1 Kh7 27. Na3 Qb8 28. Qc2 Kh8 29. Bf3 Bf5 30. Kg2 Kg8 31. Nb5 Rb4 32. e3 Rc8 33. Na3 Qe5 34. Nc4 Qc3 35. Qxc3 Bxc3 36. Na3 Rd8 37. Nc2 Rxd3 38. Nxb4 axb4 39. Rxd3 Bxd3 40. Rd1 c4 41. bxc4 Bc2 42. Rd8+ Kg7 43. Bd1 b3 44. Kf1 e5 45. f3 Kf6 46. Ke2 Ke7 47. Rb8 Ba5 48. c5 bxc5 49. Rb5 c4 50. Rxa5 Bd3+ 51. Kd2 e4 52. fxe4 1-0

[Event "Ibiza Eivissa op"]
[Site "Eivissa"]
[Date "2021.09.09"]
[Round "7"]
[White "Mayans Calvo, Mariano"]
[Black "Garcia Ramos, Daniel"]
[Result "1/2-1/2"]
[WhiteElo "2253"]
[BlackElo "2412"]
[PlyCount "178"]
[EventDate "2021.09.06"]
[EventType "tourn"]
[EventRounds "9"]
[EventCountry "ESP"]
[EventCategory "7"]
[SourceTitle "CBM 204 Extra"]
[Source "ChessBase"]
[SourceDate "2021.11.30"]
[SourceVersion "1"]
[SourceVersionDate "2021.11.30"]
[SourceQuality "1"]

1. e4 c6 2. Nc3 d5 3. Nf3 dxe4 4. Nxe4 Nf6 5. Bd3 Nbd7 6. c3 g6 7. Qe2 Nxe4 8. Bxe4 Bg7 9. d4 0-0 10. Bf4 Qa5 11. Bc2 c5 12. 0-0 cxd4 13. cxd4 Nf6 14. Qxe7 Nd5 15. Bd2 Qd8 16. Qxd8 Rxd8 17. Rfe1 Bg4 18. Ne5 Be6 19. Rad1 Rd6 20. h3 Rad8 21. Nf3 h6 22. Rc1 g5 23. Bb3 Bf6 24. Ba5 b6 25. Bd2 Kg7 26. Be3 Nb4 27. Bxe6 Rxe6 28. Rc4 a5 29. a3 b5 30. Rc7 Nc6 31. Rd1 Rd5 32. Rb7 a4 33. Kf1 Na5 34. Rb8 Rc6 35. Rc1 Nc4 36. Ke2 Re6 37. Rc2 h5 38. g4 hxg4 39. hxg4 Bxd4 40. Nxd4 Rxd4 41. Rxb5 Rxg4 42. Kf3 Nxe3 43. fxe3 Rge4 44. Rxg5+ Kf6 45. Rg4 Rxe3+ 46. Kf2 R3e4 47. Rg3 Rf4+ 48. Rf3 Kg5 49. Kg3 Rg4+ 50. Kf2 f5 51. Rc5 Rf4 52. Kg3 Rxf3+ 53. Kxf3 Rb6 54. Rc2 Rb3+ 55. Kf2 f4 56. Kg2 Kg4 57. Kf2 Rh3 58. Kg1 Kg3 59. Rg2+ Kf3 60. Rc2 Kg3 61. Rg2+ Kh4 62. Rc2 f3 63. Rc8 Kg3 64. Rg8+ Kf4 65. Ra8 Rh5 66. Rf8+ Rf5 67. Ra8 Re5 68. Kf1 Ke3 69. Rc8 Rh5 70. Re8+ Kf4 71. Rf8+ Kg4 72. Rg8+ Rg5 73. Rf8 Kg3 74. Rc8 Rg4 75. Rf8 Rc4 76. Rg8+ Kf4 77. Rf8+ Ke3 78. Re8+ Kd2 79. Kf2 Kc1 80. Rb8 Rc2+ 81. Kf1 Rxb2 82. Ra8 Kd2 83. Rxa4 Ke3 84. Rb4 Rf2+ 85. Ke1 Ra2 86. Rb3+ Kf4 87. Rb8 Kg3 88. Rg8+ Kh2 89. Kf1 Rxa3 1/2-1/2

[Event "Ibiza Eivissa op"]
[Site "Eivissa"]
[Date "2021.09.09"]
[Round "6"]
[White "Napoli, Nicolo"]
[Black "Mayans Calvo, Mariano"]
[Result "1-0"]
[WhiteElo "2303"]
[BlackElo "2253"]
[PlyCount "85"]
[EventDate "2021.09.06"]
[EventType "tourn"]
[EventRounds "9"]
[EventCountry "ESP"]
[EventCategory "7"]
[SourceTitle "CBM 204 Extra"]
[Source "ChessBase"]
[SourceDate "2021.11.30"]
[SourceVersion "1"]
[SourceVersionDate "2021.11.30"]
[SourceQuality "1"]

1. d4 Nf6 2. c4 e6 3. Nf3 Bb4+ 4. Nbd2 d5 5. Qa4+ Nc6 6. a3 Be7 7. Ne5 Bd7 8. Nxd7 Qxd7 9. e3 0-0 10. Be2 Rad8 11. cxd5 Nxd5 12. Nf3 Bf6 13. Bb5 Nb6 14. Bxc6 Nxa4 15. Bxd7 Rxd7 16. b3 Nc5 17. Rb1 Ne4 18. Bb2 Rfd8 19. Ke2 g5 20. Rhc1 g4 21. Ne1 h5 22. f3 Nd6 23. Nd3 c6 24. Nf4 gxf3+ 25. gxf3 h4 26. Nh5 Bh8 27. Rc5 f5 28. Rcc1 Kf7 29. Rg1 c5 30. dxc5 Bxb2 31. Rxb2 Ne8 32. Nf4 e5 33. Nh5 Rd5 34. Rg5 Rxc5 35. Rxf5+ Kg6 36. e4 Rdc8 37. Rd2 a5 38. b4 axb4 39. axb4 Rb5 40. Nf4+ Kh6 41. Rh5+ Kg7 42. Rd7+ Kf6 43. Rf5# 1-0

[Event "Ibiza Eivissa op"]
[Site "Eivissa"]
[Date "2021.09.07"]
[Round "3"]
[White "Mayans Calvo, Mariano"]
[Black "Camacho Collados, Marcos"]
[Result "0-1"]
[WhiteElo "2253"]
[BlackElo "2409"]
[PlyCount "110"]
[EventDate "2021.09.06"]
[EventType "tourn"]
[EventRounds "9"]
[EventCountry "ESP"]
[EventCategory "7"]
[SourceTitle "CBM 204 Extra"]
[Source "ChessBase"]
[SourceDate "2021.11.30"]
[SourceVersion "1"]
[SourceVersionDate "2021.11.30"]
[SourceQuality "1"]

1. d4 Nf6 2. c4 e6 3. Nf3 Bb4+ 4. Bd2 c5 5. Bxb4 cxb4 6. e3 b6 7. Be2 Bb7 8. 0-0 a5 9. a3 Na6 10. Ne5 0-0 11. Nd3 Qe7 12. axb4 Nxb4 13. Nc3 Nxd3 14. Bxd3 d5 15. Qb3 dxc4 16. Bxc4 Rab8 17. Rfd1 Rfc8 18. Rac1 Ng4 19. h3 Qc7 20. hxg4 Qxc4 21. Qa3 Qc7 22. f3 Bxf3 23. Ne2 Bc6 24. d5 exd5 25. Nd4 Qd7 26. Nf5 Kh8 27. e4 Ba8 28. Rxc8+ Rxc8 29. exd5 f6 30. Qd6 Qxd6 31. Nxd6 Rb8 32. Nc4 Kg8 33. d6 b5 34. d7 Rd8 35. Nb6 Bc6 36. Rc1 Bxd7 37. Rd1 Kf7 38. Rxd7+ Rxd7 39. Nxd7 Ke6 40. Nc5+ Kd5 41. Nb3 a4 42. Nc1 b4 43. b3 axb3 44. Nxb3 Kc4 45. Na5+ Kc3 46. Kf2 b3 47. Nxb3 Kxb3 48. Ke3 Kc4 49. Kf4 Kd3 50. Kf5 Ke3 51. g5 fxg5 52. Kxg5 Kf2 53. g4 Kg3 54. Kf5 Kh4 55. g5 g6+ 0-1

[Event "EU-ch blitz"]
[Site "Katowice"]
[Date "2017.12.15"]
[Round "6"]
[White "Fridman, Daniel"]
[Black "Mayans Calvo, Mariano"]
[Result "1-0"]
[WhiteElo "2633"]
[BlackElo "2233"]
[PlyCount "87"]
[EventDate "2017.12.15"]
[EventType "swiss (blitz)"]
[EventRounds "22"]
[EventCountry "POL"]
[SourceTitle "CBM 182 Extra"]
[Source "ChessBase"]
[SourceDate "2018.02.23"]
[SourceVersion "1"]
[SourceVersionDate "2018.02.23"]
[SourceQuality "1"]

1. Nf3 Nf6 2. c4 g6 3. g3 Bg7 4. Bg2 0-0 5. 0-0 c5 6. Nc3 Nc6 7. d4 cxd4 8. Nxd4 a6 9. c5 Qc7 10. Bg5 Nxd4 11. Qxd4 h6 12. Bf4 Qd8 13. Be5 Ne8 14. Nd5 d6 15. cxd6 exd6 16. Bxg7 Nxg7 17. Rfd1 Qa5 18. b4 Qd8 19. Rac1 Kh8 20. Qf4 Qg5 21. Qxg5 hxg5 22. Nb6 Rb8 23. Rxd6 Be6 24. a3 Nf5 25. Rd2 Rfd8 26. Rcd1 Rxd2 27. Rxd2 Kg7 28. Be4 Ne7 29. Rc2 Nc8 30. Nxc8 Rxc8 31. Rxc8 Bxc8 32. f4 gxf4 33. gxf4 Kf6 34. h4 Ke6 35. Kf2 Kd6 36. Ke3 a5 37. bxa5 Kc5 38. Bd3 Be6 39. Ke4 Kd6 40. Kd4 Kc6 41. e4 Kd6 42. f5 Ba2 43. fxg6 fxg6 44. e5+ 1-0

[Event "Catalunya-chT Gp1 final"]
[Site "Barcelona"]
[Date "2016.04.16"]
[Round "4.2"]
[White "Mayans Calvo, Mariano"]
[Black "Colls Gelaberto, Emilio"]
[Result "0-1"]
[WhiteElo "2247"]
[BlackElo "2104"]
[PlyCount "72"]
[EventDate "2016.03.12"]
[EventType "team-tourn"]
[EventRounds "4"]
[EventCountry "ESP"]
[SourceTitle "EXT 2017"]
[Source "ChessBase"]
[SourceDate "2016.10.25"]
[SourceVersion "1"]
[SourceVersionDate "2016.10.25"]
[SourceQuality "1"]
[WhiteTeam "Mollet"]
[BlackTeam "Figueres"]
[WhiteTeamCountry "ESP"]
[BlackTeamCountry "ESP"]

1. c4 c5 2. Nf3 Nf6 3. d4 cxd4 4. Nxd4 g6 5. g3 Bg7 6. Bg2 0-0 7. Nc3 Nc6 8. Nc2 d6 9. 0-0 Be6 10. b3 Qd7 11. Re1 Rac8 12. Bb2 Bh3 13. Nd5 Nxd5 14. Bxg7 Kxg7 15. Bxd5 Kg8 16. Qd2 Be6 17. Bg2 Rfd8 18. e4 Qc7 19. Bf1 Qa5 20. Qd1 a6 21. Ne3 b5 22. cxb5 axb5 23. f4 Qb6 24. Kh1 Re8 25. h4 b4 26. Qd2 Qd4 27. Qg2 Qb6 28. Rad1 Nd4 29. h5 Rc3 30. hxg6 hxg6 31. Bd3 Kg7 32. Qf2 Qc5 33. Kg2 Rh8 34. f5 gxf5 35. Nxf5+ Nxf5 36. exf5 Rh2+ 0-1

[Event "ESP-ch Universities"]
[Site "Alicante"]
[Date "2011.05.10"]
[Round "8"]
[White "Chueca Forcen, Alberto"]
[Black "Mayans Calvo, Mariano"]
[Result "0-1"]
[WhiteElo "2311"]
[BlackElo "2230"]
[PlyCount "188"]
[EventDate "2011.05.09"]
[EventType "team-swiss"]
[EventRounds "9"]
[EventCountry "ESP"]
[SourceTitle "CBM 142 Extra"]
[Source "ChessBase"]
[SourceDate "2011.06.27"]
[SourceVersion "1"]
[SourceVersionDate "2011.06.27"]
[SourceQuality "1"]

1. d4 Nf6 2. Bg5 e6 3. e4 d5 4. e5 h6 5. Bh4 g5 6. Bg3 Ne4 7. Bd3 c5 8. Bxe4 dxe4 9. dxc5 Qxd1+ 10. Kxd1 Na6 11. Nc3 Nxc5 12. b4 Nd7 13. Nxe4 Bxb4 14. h4 g4 15. Ne2 b6 16. Rb1 Be7 17. N2c3 Bb7 18. Re1 0-0-0 19. Ke2 Ba6+ 20. Ke3 f5 21. exf6 Nxf6 22. Be5 Nxe4 23. Nxe4 Rhf8 24. Rb3 Kb7 25. Rc3 Rd7 26. Rb1 Rf5 27. Bg3 Bf8 28. Bf4 Bg7 29. Rb4 Bxc3 30. Nxc3 Rc5 31. Ne4 Rxc2 32. Bxh6 e5 33. Ng3 Rd3+ 34. Ke4 Rxf2 35. Nf5 Rxg2 36. Kxe5 g3 37. Rg4 Re2+ 38. Kf4 Rf2+ 39. Ke4 g2 40. Rg7+ Kc8 41. Ne7+ Kd7 42. Nd5+ Kd6 43. Rg6+ Kd7 44. Rg7+ Ke6 45. Nf4+ Rxf4+ 46. Bxf4 Rh3 47. Rg6+ Kf7 48. Rg5 Rxh4 49. Ke3 Bb7 50. Bb8 Ra4 51. Be5 Ra3+ 52. Kf2 Rf3+ 53. Ke2 Ra3 54. Bd4 Rxa2+ 55. Kd3 Ba6+ 56. Kc3 Bf1 57. Kb3 Rd2 58. Bc3 Rd7 59. Be1 Ke6 60. Bf2 Kf6 61. Rg8 Kf5 62. Kc3 Ke4 63. Bg1 Rc7+ 64. Kd2 Rd7+ 65. Kc3 Rd1 66. Re8+ Kf5 67. Rf8+ Ke6 68. Rg8 Kd7 69. Rg7+ Kc6 70. Rg6+ Kb5 71. Rg5+ Ka6 72. Bf2 Rd3+ 73. Kb4 Rd2 74. Be3 Rb2+ 75. Kc3 Rb5 76. Rg7 Re5 77. Bd4 Rf5 78. Rg4 Kb5 79. Rg7 Rf3+ 80. Kb2 Rd3 81. Bg1 a5 82. Rg6 a4 83. Rxb6+ Kc4 84. Rc6+ Kd5 85. Rc3 Rd1 86. Rc1 a3+ 87. Kc2 Rd3 88. Re1 Rf3 89. Kb1 Bc4 90. Rd1+ Kc6 91. Rc1 Rf1 92. Kc2 a2 93. Bd4 Rxc1+ 94. Kxc1 a1Q+ 0-1

[Event "ESP-ch Universities"]
[Site "Alicante"]
[Date "2011.05.10"]
[Round "6"]
[White "Mayans Calvo, Mariano"]
[Black "Fernandez Barrera, Victor"]
[Result "1-0"]
[WhiteElo "2230"]
[BlackElo "2327"]
[PlyCount "153"]
[EventDate "2011.05.09"]
[EventType "team-swiss"]
[EventRounds "9"]
[EventCountry "ESP"]
[SourceTitle "CBM 142 Extra"]
[Source "ChessBase"]
[SourceDate "2011.06.27"]
[SourceVersion "1"]
[SourceVersionDate "2011.06.27"]
[SourceQuality "1"]

1. c4 e5 2. g3 Nf6 3. Bg2 d5 4. cxd5 Nxd5 5. Nf3 Nc6 6. 0-0 Nb6 7. d3 Be7 8. a3 0-0 9. b4 e4 10. dxe4 Qxd1 11. Rxd1 Bf6 12. e5 Nxe5 13. Nd4 Rd8 14. e3 Bg4 15. Rf1 Nf3+ 16. Bxf3 Bxf3 17. Bb2 Bg4 18. Ra2 Nc4 19. Ba1 c6 20. Nd2 Nxd2 21. Rxd2 a5 22. f3 Bh3 23. Rfd1 axb4 24. axb4 h5 25. Kf2 Ra4 26. Bc3 Ra3 27. Ne2 Rxd2 28. Bxd2 g6 29. Nf4 Bc8 30. Ke2 Rb3 31. Rc1 Bg7 32. Rc2 Ra3 33. Nd3 Bf8 34. b5 Bd7 35. Ne5 Be8 36. bxc6 bxc6 37. Nxc6 Ra1 38. h4 Bd6 39. Nd4 Bd7 40. Be1 Be5 41. Bc3 Rh1 42. Kd3 Bxg3 43. Ra2 Rb1 44. f4 Rb8 45. Nf3 Bf5+ 46. e4 Rd8+ 47. Ke3 Bg4 48. Ne5 Be6 49. Rg2 Bxh4 50. f5 Bb3 51. fxg6 f6 52. Nf3 Rc8 53. Bd4 Bg5+ 54. Nxg5 fxg5 55. Rxg5 Rc6 56. Rb5 Be6 57. Rxh5 Kf8 58. g7+ Ke7 59. Rh8 Ra6 60. Bc5+ Kd7 61. g8Q Bxg8 62. Rxg8 Ra4 63. Kf4 Ke6 64. Rg6+ Kf7 65. Rc6 Ra1 66. Ke5 Re1 67. Rc7+ Ke8 68. Kd5 Rh1 69. e5 Kd8 70. Bb6 Ke8 71. Be3 Re1 72. Bg5 Ra1 73. e6 Ra5+ 74. Kd6 Ra6+ 75. Ke5 Ra8 76. Rh7 Ra5+ 77. Kf6 1-0

[Event "ESP-ch Universities"]
[Site "Madrid"]
[Date "2008.05.10"]
[Round "8"]
[White "Mayans Calvo, Mariano"]
[Black "Garcia Brion, Eduardo"]
[Result "0-1"]
[WhiteElo "2223"]
[BlackElo "2158"]
[PlyCount "74"]
[EventDate "2008.05.08"]
[EventType "swiss"]
[EventRounds "9"]
[EventCountry "ESP"]
[SourceTitle "CBM 124 Extra"]
[Source "ChessBase"]
[SourceDate "2008.07.03"]
[SourceVersion "1"]
[SourceVersionDate "2008.07.03"]
[SourceQuality "1"]

1. c4 e5 2. Nc3 Nc6 3. Nf3 g6 4. h4 h6 5. h5 g5 6. d4 exd4 7. Nxd4 Bg7 8. Nc2 d6 9. e4 Bxc3+ 10. bxc3 Qe7 11. Bd3 f5 12. 0-0 f4 13. e5 Nxe5 14. Re1 Be6 15. Bg6+ Bf7 16. Bf5 Nf6 17. Nb4 Bxc4 18. Nd3 Bxd3 19. Bxd3 0-0 20. Bc2 Qe8 21. Rb1 b6 22. c4 Qxh5 23. f3 Rae8 24. Bb2 Re7 25. c5 bxc5 26. Bxe5 dxe5 27. Rb5 g4 28. fxg4 Nxg4 29. Qd5+ Kg7 30. Qxc5 Qh2+ 31. Kf1 Qh1+ 32. Ke2 Qxg2+ 33. Kd3 Rd7+ 34. Kc3 Qd2+ 35. Kb3 Qxe1 36. Qc6 Qe3+ 37. Ka4 Rd4+ 0-1

[Event "ESP-ch Universities"]
[Site "Madrid"]
[Date "2008.05.09"]
[Round "6"]
[White "Mayans Calvo, Mariano"]
[Black "Rabadan Velasco, Raul"]
[Result "1-0"]
[WhiteElo "2223"]
[BlackElo "2309"]
[PlyCount "61"]
[EventDate "2008.05.08"]
[EventType "swiss"]
[EventRounds "9"]
[EventCountry "ESP"]
[SourceTitle "CBM 124 Extra"]
[Source "ChessBase"]
[SourceDate "2008.07.03"]
[SourceVersion "1"]
[SourceVersionDate "2008.07.03"]
[SourceQuality "1"]

1. c4 Nc6 2. d4 d5 3. Nc3 dxc4 4. d5 Ne5 5. f4 Ng4 6. e4 e5 7. f5 h5 8. Qa4+ Bd7 9. Qxc4 a6 10. b4 b5 11. Qb3 c5 12. dxc6 Bxc6 13. Nh3 Qd4 14. Bd2 Rd8 15. 0-0-0 Ne3 16. Ng5 Qa7 17. Nxb5 axb5 18. Bxe3 Rxd1+ 19. Kxd1 Qd7+ 20. Bd3 Nf6 21. Ke2 Ng4 22. Bb6 Bd6 23. h3 Nf6 24. Rd1 0-0 25. Bc2 Qb7 26. Rxd6 Qxb6 27. Rxf6 gxf6 28. Qg3 h4 29. Qxh4 fxg5 30. Qxg5+ Kh7 31. f6 1-0

[Event "ESP-ch Universities"]
[Site "Madrid"]
[Date "2008.05.08"]
[Round "1"]
[White "Ramos del Campo, Alexander"]
[Black "Mayans Calvo, Mariano"]
[Result "0-1"]
[WhiteElo "1961"]
[BlackElo "2223"]
[PlyCount "64"]
[EventDate "2008.05.08"]
[EventType "swiss"]
[EventRounds "9"]
[EventCountry "ESP"]
[SourceTitle "CBM 124 Extra"]
[Source "ChessBase"]
[SourceDate "2008.07.03"]
[SourceVersion "1"]
[SourceVersionDate "2008.07.03"]
[SourceQuality "1"]

1. e4 e6 2. d4 d5 3. exd5 exd5 4. c4 Nf6 5. Nc3 Be7 6. Nf3 0-0 7. Be2 dxc4 8. Bxc4 Bg4 9. Be3 Nbd7 10. 0-0 Nb6 11. Be2 Nbd5 12. Ne5 Bxe2 13. Qxe2 c6 14. Rad1 Qa5 15. Bd2 Qc7 16. Rfe1 Rfe8 17. Qc4 Bd6 18. Nf3 h6 19. Rc1 Qd7 20. h3 Rxe1+ 21. Rxe1 Re8 22. a3 Nxc3 23. bxc3 Rxe1+ 24. Bxe1 Qe7 25. a4 Qe4 26. Kf1 Nd5 27. Nd2 Qc2 28. Qb3 Qd3+ 29. Kg1 Nxc3 30. Qxb7 Ne2+ 31. Kh1 Nxd4 32. Qxa7 Qe2 0-1

[Event "Catalunya-chT Primera Gp2"]
[Site "Catalunya"]
[Date "2008.02.10"]
[Round "3"]
[White "Dominguez Rueda, Juan"]
[Black "Mayans Calvo, Mariano"]
[Result "1-0"]
[WhiteElo "2213"]
[BlackElo "2223"]
[PlyCount "95"]
[EventDate "2008.01.27"]
[EventType "team-tourn"]
[EventRounds "9"]
[EventCountry "ESP"]
[SourceTitle "EXT 2019"]
[Source "ChessBase"]
[SourceDate "2018.10.10"]
[SourceVersion "1"]
[SourceVersionDate "2018.10.10"]
[SourceQuality "1"]

1. e4 e6 2. d4 d5 3. Nc3 Nf6 4. Bg5 Be7 5. e5 Nfd7 6. Bxe7 Qxe7 7. f4 a6 8. Qg4 0-0 9. Nf3 c5 10. Bd3 f5 11. Qh5 cxd4 12. Ne2 Nc5 13. 0-0 Bd7 14. Nexd4 Nc6 15. Be2 Na4 16. Rab1 Nxd4 17. Nxd4 Qc5 18. Rfd1 Bb5 19. Bxb5 axb5 20. c3 Nb6 21. a3 Nc4 22. Rd3 g6 23. Qe2 Qb6 24. h4 h5 25. Rg3 Kf7 26. Rf1 Rg8 27. Rg5 b4 28. axb4 Ra2 29. Rb1 Qa6 30. Rg3 Rxb2 31. Rxb2 Qa1+ 32. Kf2 Qxb2 33. Qxb2 Nxb2 34. Nb5 Nc4 35. Ke2 Ra8 36. Kd3 Ra2 37. Kd4 b6 38. Nd6+ Nxd6 39. exd6 Kf6 40. c4 Ra4 41. cxd5 Rxb4+ 42. Kc3 Rxf4 43. Rxg6+ Kf7 44. dxe6+ Kf8 45. Rf6+ Ke8 46. Rh6 Kf8 47. e7+ Kf7 48. Rh7+ 1-0

[Event "ESP-chT CECLUB Norte Div 1"]
[Site "Sabadell"]
[Date "2007.08.16"]
[Round "2"]
[White "Mayans Calvo, Mariano"]
[Black "Mundet Riera, Jaume"]
[Result "0-1"]
[WhiteElo "2241"]
[BlackElo "1915"]
[PlyCount "66"]
[EventDate "2007.08.15"]
[EventType "team"]
[EventRounds "6"]
[EventCountry "ESP"]
[SourceTitle "CBM 119 Extra"]
[Source "ChessBase"]
[SourceDate "2007.09.04"]
[SourceVersion "1"]
[SourceVersionDate "2007.09.04"]
[SourceQuality "1"]

1. c4 d6 2. Nf3 Nf6 3. Nc3 e5 4. d4 Nbd7 5. Rg1 c6 6. g4 h6 7. h4 e4 8. Nd2 e3 9. fxe3 Nb6 10. g5 hxg5 11. hxg5 Ng4 12. Nf3 Nxc4 13. Qd3 d5 14. e4 Bb4 15. a3 Bxc3+ 16. bxc3 Qe7 17. e5 g6 18. e4 dxe4 19. Qxe4 Bf5 20. Qf4 Qe6 21. Bd2 Nxd2 22. Nxd2 f6 23. gxf6 Nxf6 24. Qf3 0-0-0 25. Bc4 Qe7 26. Nb3 Rh3 27. Rg3 Rdh8 28. Ra2 Ne4 29. Rxh3 Rxh3 30. Qf4 Qh7 31. Bf1 g5 32. Qc1 Qh4+ 33. Kd1 Nxc3+ 0-1

[Event "Catalunya-chT DH"]
[Site "Spain"]
[Date "2004.??.??"]
[Round "4"]
[White "Mayans Calvo, Mariano"]
[Black "Guasch Sariol, Jaume"]
[Result "0-1"]
[WhiteElo "2092"]
[BlackElo "2035"]
[PlyCount "88"]
[EventDate "2004.??.??"]
[EventType "team"]
[EventRounds "9"]
[EventCountry "ESP"]
[SourceTitle "EXT 2007"]
[Source "ChessBase"]
[SourceDate "2006.11.23"]
[SourceVersion "1"]
[SourceVersionDate "2006.11.23"]
[SourceQuality "1"]

1. Nf3 f5 2. g3 Nf6 3. Bg2 g6 4. c4 Bg7 5. Nc3 d6 6. d4 0-0 7. 0-0 Qe8 8. Bg5 c6 9. d5 h6 10. Be3 Na6 11. h4 Bd7 12. Qd2 Kh7 13. Rac1 Nc7 14. b4 Ng4 15. Bf4 Rd8 16. Rfd1 Na6 17. Rb1 Qf7 18. Nd4 Ne5 19. Bxe5 dxe5 20. Nc2 f4 21. dxc6 Bxc6 22. Qxd8 Rxd8 23. Rxd8 Bxg2 24. Kxg2 Qxc4 25. Rb3 e4 26. Na3 Qc7 27. Rd1 fxg3 28. Nd5 Qe5 29. fxg3 Nc7 30. Nc4 Qh5 31. Nf4 Qb5 32. Na3 Qe5 33. Rbb1 Ne6 34. Nxe6 Qxe6 35. Rb3 Qg4 36. Rd2 Bf6 37. Nc2 Bxh4 38. Rc3 Bg5 39. Ne3 Bxe3 40. Rxe3 Qg5 41. Kf2 Qf6+ 42. Kg2 Qg5 43. Kf2 h5 44. Rd4 Qf6+ 0-1

[Event "Barcelona op-A"]
[Site "Barcelona"]
[Date "2003.??.??"]
[Round "1"]
[White "Leiro Giralt, Daniel"]
[Black "Mayans Calvo, Mariano"]
[Result "1/2-1/2"]
[WhiteElo "2206"]
[BlackElo "2070"]
[PlyCount "61"]
[EventDate "2003.04.??"]
[EventType "swiss"]
[EventRounds "7"]
[EventCountry "ESP"]
[SourceTitle "EXT 2010"]
[Source "ChessBase"]
[SourceDate "2010.11.25"]
[SourceVersion "1"]
[SourceVersionDate "2010.11.25"]
[SourceQuality "1"]

1. e4 e6 2. d3 c5 3. Nc3 Nc6 4. Nge2 d5 5. exd5 exd5 6. d4 cxd4 7. Nxd4 Bb4 8. Bb5 Nge7 9. 0-0 0-0 10. Nce2 Qb6 11. Be3 Bc5 12. Nxc6 bxc6 13. Bxc5 Qxc5 14. Bd3 Rb8 15. b3 Ng6 16. Ng3 Nf4 17. Bf5 g6 18. Bxc8 Rfxc8 19. Qd2 Ne6 20. Rad1 Qb4 21. Ne2 Re8 22. Qxb4 Rxb4 23. f3 a5 24. Rfe1 Nd4 25. Nxd4 Rxe1+ 26. Rxe1 Rxd4 27. Kf2 Rd2+ 28. Re2 Rd1 29. Re1 Rd2+ 30. Re2 Rd1 31. Re1 1/2-1/2

[Event "Barcelona op-A"]
[Site "Barcelona"]
[Date "2003.??.??"]
[Round "2"]
[White "Mayans Calvo, Mariano"]
[Black "Castaner Harster, Xavier"]
[Result "1-0"]
[WhiteElo "2070"]
[BlackElo "2147"]
[PlyCount "69"]
[EventDate "2003.04.??"]
[EventType "swiss"]
[EventRounds "7"]
[EventCountry "ESP"]
[SourceTitle "EXT 2010"]
[Source "ChessBase"]
[SourceDate "2010.11.25"]
[SourceVersion "1"]
[SourceVersionDate "2010.11.25"]
[SourceQuality "1"]

1. e4 c5 2. Nf3 e6 3. c3 d5 4. e5 Nc6 5. d4 Bd7 6. Be2 f6 7. exf6 Nxf6 8. 0-0 Bd6 9. Bg5 0-0 10. c4 cxd4 11. cxd5 exd5 12. Nxd4 Be5 13. Be3 Ne4 14. Nxc6 bxc6 15. Bd4 Bc7 16. Nc3 Qh4 17. g3 Nxg3 18. hxg3 Bxg3 19. fxg3 Qxg3+ 20. Kh1 Qh4+ 21. Kg1 Bh3 22. Rf3 Qg4+ 23. Kf2 Qg2+ 24. Ke1 Rxf3 25. Bxf3 Re8+ 26. Ne4 Qg6 27. Qb3 Kh8 28. Kd2 dxe4 29. Rg1 e3+ 30. Bxe3 Qd6+ 31. Kc1 Bf5 32. Qc3 Bg6 33. Bd1 Re7 34. Rf1 h6 35. Bc5 1-0